00399nam a2200121Ia 4500003000400000005001700004008004100021040001800062041000800080100005000088245010300138260003600241OSt20260129113126.0211028s2018 xx 000 0 und d cAIMIT LIBRARY aeng aD Souza, Lionel Rolson; P V Sumitha.g1616092 aStudy on impact of technology on stress and work life balance of employees in Marian enterprises / aMangalore ;bP V Sumitha.c2018